| 000 | 00520nam a2200181Ia 4500 | ||
|---|---|---|---|
| 008 | 220204s9999 xx 000 0 und d | ||
| 082 |
_a581.11 _bSUT |
||
| 100 | _aSUTCLIFFE, J E | ||
| 245 | 0 | _aMineral salts absorption in plants. V 1 | |
| 260 |
_aNew York _bPergamon _c1962 |
||
| 490 | _aInternational series of monographs on pure and applied biology | ||
| 650 | _aIon transport | ||
| 650 | _aMetabolism | ||
| 650 | _aMineral salt absorption | ||
| 650 | _aSalt relation | ||
| 650 | _aVascular plant | ||
| 942 | _cBK | ||
| 999 |
_c21190 _d21190 |
||